Online
Catalog
Normal view MARC view

Entry Nombre personal

Number of records used in: 10

001 - NÚMERO DE CONTROL

  • campo de control: 64493

003 - IDENTIFICADOR DEL NÚMERO DE CONTROL

  • campo de control: BNPHU

005 - FECHA Y HORA DE LA ÚLTIMA TRANSACCIÓN

  • campo de control: 20240305122426.0

008 - DATOS DE LONGITUD FIJA

  • campo de control de longitud fija: 200615|| aca||aabn | a|a d

040 ## - FUENTE DE LA CATALOGACIÓN

  • Centro catalogador/agencia de origen: DO-SdBNP
  • Lengua de catalogación: spa
  • Centro/agencia transcriptor: BNPHU
  • Normas de descripción: rda

082 #4 - SIGNATURA TOPOGRÁFICA DECIMAL DEWEY

  • Número de clasificación: RD861.44

100 1# - ENCABEZAMIENTO-NOMBRE DE PERSONA

  • Nombre de persona: López Azuán, Virgilio,
  • Fechas asociadas al nombre: 1959-

374 ## - OCUPACIÓN

  • Ocupación: Profesor
  • Ocupación: Animador socio-cultural

375 ## - GÉNERO/SEXO

  • Género/Sexo: Masculino

377 ## - LENGUA/LENGUAJE ASOCIADO

  • Código del idioma: spa

400 1# - TRAZADO DE VÉASE--NOMBRE DE PERSONA

  • Nombre de persona: López A., Virgilio

670 ## - FUENTE DE DATOS ENCONTRADOS

  • Cita de la fuente: Work cat.: (OSt)37609: López Azuán, Virgilio, Amor y soledades /, 1998.

Powered by Koha